[Event "Moscow op-A 15th"]
[Site "Moscow"]
[Date "2019.02.01"]
[Round "7"]
[White "Zein, Hani"]
[Black "Ageichenko, Genadi A"]
[Result "1/2-1/2"]
[WhiteElo "2081"]
[BlackElo "2216"]
[PlyCount "127"]
[EventDate "2019.01.26"]
[EventType "swiss"]
[EventRounds "9"]
[EventCountry "RUS"]
[SourceTitle "CBM 188 Extra"]
[Source "ChessBase"]
[SourceDate "2019.02.26"]
[SourceVersion "1"]
[SourceVersionDate "2019.02.26"]
[SourceQuality "1"]

1. d4 Nf6 2. c4 c5 3. d5 e6 4. Nc3 d6 5. e4 g6 6. f3 Bg7 7. Nge2 0-0 8. Ng3 a6 9. a4 exd5 10. cxd5 Nbd7 11. Be2 Rb8 12. 0-0 Qc7 13. Be3 b6 14. Qd2 c4 15. Rfc1 b5 16. axb5 axb5 17. Ra7 Qd8 18. b4 cxb3 19. Nxb5 Ne8 20. Nd4 Qb6 21. Nc6 Bh6 22. Ne7+ Kh8 23. Bxb6 Bxd2 24. Bd4+ Nef6 25. Rxc8 Rfxc8 26. Nxc8 Rxc8 27. Rb7 Bc3 28. Bxf6+ Bxf6 29. Rxb3 Bd4+ 30. Kh1 Rc1+ 31. Nf1 Re1 32. Rd3 Bc5 33. Rd2 Ne5 34. h3 h5 35. f4 Be3 36. Rd1 Rxd1 37. Bxd1 Bxf4 38. Be2 Kg7 39. g3 Bc1 40. Nh2 Nd7 41. Bd3 g5 42. g4 Nf6 43. gxh5 Nxh5 44. Nf3 Nf4 45. Bf1 Kg6 46. Nd4 Bb2 47. Nf5 Ba3 48. h4 gxh4 49. Nxh4+ Kg5 50. Nf5 Ng6 51. Bh3 Ne5 52. Nd4 Bc5 53. Ne2 Nc4 54. Kg2 Nd2 55. Bf5 Kf6 56. Nc1 Ke5 57. Nd3+ Kd4 58. Nxc5 Kxc5 59. Kg3 Kd4 60. Kf4 Nc4 61. Bh7 Nd2 62. Bf5 Nb3 63. Bg4 Nc5 64. Bf5 1/2-1/2

[Event "Moscow op-A 15th"]
[Site "Moscow"]
[Date "2019.01.27"]
[Round "2"]
[White "Vasilyev, Alexey1111"]
[Black "Ageichenko, Genadi A"]
[Result "0-1"]
[WhiteElo "2019"]
[BlackElo "2216"]
[PlyCount "138"]
[EventDate "2019.01.26"]
[EventType "swiss"]
[EventRounds "9"]
[EventCountry "RUS"]
[SourceTitle "CBM 188 Extra"]
[Source "ChessBase"]
[SourceDate "2019.02.26"]
[SourceVersion "1"]
[SourceVersionDate "2019.02.26"]
[SourceQuality "1"]

1. e4 c5 2. Nf3 d6 3. d4 cxd4 4. Nxd4 Nf6 5. Nc3 a6 6. Be2 e5 7. Nf3 Be7 8. Bg5 Nbd7 9. a4 b6 10. 0-0 Bb7 11. Re1 Rc8 12. Bf1 0-0 13. Nd2 Qc7 14. Nc4 h6 15. Bxf6 Nxf6 16. Qd3 Rfd8 17. Ne3 Qc5 18. Ned5 Nxd5 19. exd5 Rf8 20. g3 f5 21. Red1 e4 22. Qe3 Bf6 23. Ra3 Qxe3 24. fxe3 Rc5 25. Rb3 Bd8 26. Bh3 g6 27. Bf1 Kg7 28. Kf2 Rf7 29. Rd2 g5 30. Rb4 Kf6 31. Be2 Ke5 32. Rbd4 Rfc7 33. g4 Rxc3 34. bxc3 f4 35. c4 Bc8 36. Bd1 Rf7 37. c3 b5 38. cxb5 Bb6 39. h3 axb5 40. axb5 Ra7 41. Ke1 fxe3 42. Rc2 Bb7 43. Rb4 Bxd5 44. Ke2 Bc5 45. Rcb2 Rf7 46. b6 Bb7 47. Ke1 Bxb4 48. Rxb4 Rf2 49. Be2 Rh2 50. Ra4 Rh1+ 51. Bf1 Kd5 52. Rd4+ Kc5 53. Rc4+ Kxb6 54. Rb4+ Kc7 55. Rc4+ Kd7 56. Ra4 Bc6 57. Ra7+ Ke6 58. Ra5 Bd5 59. Ra4 Bc6 60. Ra5 Kd7 61. Ra7+ Kc8 62. Ra5 Kb7 63. c4 Kb6 64. Ra2 Kc5 65. Rb2 Ba4 66. Rb1 Bc2 67. Rb5+ Kc6 68. Rf5 Bd3 69. Rf8 e2 0-1

[Event "Chigorin Memorial 26th"]
[Site "St Petersburg"]
[Date "2018.10.30"]
[Round "4"]
[White "Ageichenko, Genadi A"]
[Black "Savitskiy, Sergey"]
[Result "1/2-1/2"]
[WhiteElo "2225"]
[BlackElo "2413"]
[PlyCount "110"]
[EventDate "2018.10.27"]
[EventType "swiss"]
[EventRounds "9"]
[EventCountry "RUS"]
[SourceTitle "CBM 187 Extra"]
[Source "ChessBase"]
[SourceDate "2018.11.04"]
[SourceVersion "1"]
[SourceVersionDate "2018.11.04"]
[SourceQuality "1"]

1. e4 c5 2. Nf3 d6 3. d4 cxd4 4. Nxd4 Nf6 5. Nc3 Nc6 6. Be2 e5 7. Nf3 Be7 8. Bg5 0-0 9. 0-0 Ne8 10. Bxe7 Qxe7 11. Nd5 Qd8 12. Qd2 f5 13. exf5 Bxf5 14. c3 Qd7 15. Rad1 Rd8 16. Qe3 Nf6 17. Ng5 Kh8 18. Bf3 Ne7 19. Nxf6 gxf6 20. Ne4 d5 21. Ng3 Be6 22. Rfe1 b6 23. Qh6 Ng6 24. Bxd5 Bxd5 25. c4 Nf4 26. cxd5 Qf7 27. d6 Rg8 28. d7 Rg6 29. Qh4 Rxd7 30. Kh1 Nd3 31. Rxd3 Rxd3 32. h3 Rd4 33. Qh5 Rg7 34. Qf3 Rf4 35. Qe2 Rg8 36. Rc1 Qb7 37. Rc3 b5 38. Qc2 Rc4 39. Rxc4 bxc4 40. Qxc4 Qxb2 41. Ne4 Qb7 42. Qe6 Qg7 43. g4 Rf8 44. Nd6 h5 45. Kh2 hxg4 46. hxg4 Qg6 47. Kg3 Kh7 48. Nf5 Qf7 49. Qc6 Qxa2 50. Qh1+ Kg8 51. Nh6+ Kg7 52. Nf5+ Kg8 53. Nh6+ Kg7 54. Nf5+ Kg8 55. Nh6+ Kg7 1/2-1/2

[Event "Moscow-ch final"]
[Site "Moscow"]
[Date "2018.03.31"]
[Round "8"]
[White "Vetokhin, Ilia"]
[Black "Ageichenko, Genadi A"]
[Result "1-0"]
[WhiteElo "2071"]
[BlackElo "2223"]
[PlyCount "61"]
[EventDate "2018.03.24"]
[EventType "swiss"]
[EventRounds "9"]
[EventCountry "RUS"]
[SourceTitle "CBM 183 Extra"]
[Source "ChessBase"]
[SourceDate "2018.04.19"]
[SourceVersion "1"]
[SourceVersionDate "2018.04.19"]
[SourceQuality "1"]

1. d4 Nf6 2. c4 g6 3. Nc3 d5 4. cxd5 Nxd5 5. Na4 Bg7 6. e4 Nb6 7. Be3 0-0 8. Nf3 Nc6 9. Be2 Bg4 10. d5 Nxa4 11. Qxa4 Ne5 12. Nxe5 Bxe2 13. Nxg6 fxg6 14. Kxe2 Bxb2 15. Rab1 Bg7 16. Rxb7 Rb8 17. Rhb1 Rxb7 18. Rxb7 Qc8 19. Rxa7 Qg4+ 20. Kf1 Qh5 21. Rxc7 Qxh2 22. Rxe7 Bf6 23. Re8 Qh1+ 24. Ke2 Qxg2 25. Rxf8+ Kxf8 26. Bh6+ Ke7 27. Qa7+ Ke8 28. Qb8+ Kd7 29. Qb7+ Kd8 30. Qb6+ Kc8 31. Qc6+ 1-0

[Event "Moscow op-A 14th"]
[Site "Moscow"]
[Date "2018.02.03"]
[Round "8"]
[White "Ivanov, Platon Jaan"]
[Black "Ageichenko, Genadi A"]
[Result "1-0"]
[WhiteElo "2169"]
[BlackElo "2238"]
[PlyCount "89"]
[EventDate "2018.01.27"]
[EventType "swiss"]
[EventRounds "9"]
[EventCountry "RUS"]
[SourceTitle "CBM 182 Extra"]
[Source "ChessBase"]
[SourceDate "2018.02.23"]
[SourceVersion "1"]
[SourceVersionDate "2018.02.23"]
[SourceQuality "1"]

1. d4 Nf6 2. c4 e6 3. g3 Bb4+ 4. Bd2 Qe7 5. Nf3 Nc6 6. Bg2 Bxd2+ 7. Qxd2 Ne4 8. Qc2 Qb4+ 9. Nc3 Nxc3 10. Qxc3 Qxc3+ 11. bxc3 Rb8 12. c5 b6 13. cxb6 Rxb6 14. Nd2 Ba6 15. Nb3 Ke7 16. Bxc6 Rxc6 17. Kd2 Rb8 18. Rhb1 Rcb6 19. e3 Bb7 20. Nc5 Bd5 21. Rxb6 Rxb6 22. Kc2 d6 23. Nb3 Rb5 24. Nd2 Bc6 25. f3 f5 26. a4 Rb8 27. a5 g5 28. Rb1 Rxb1 29. Kxb1 e5 30. Kc2 Ke6 31. Kd3 Bb5+ 32. c4 Ba4 33. Nb1 e4+ 34. fxe4 fxe4+ 35. Kd2 Bb3 36. Na3 a6 37. Kc3 Ba4 38. Kb4 Bd1 39. Nb5 Kd7 40. Nc3 Bc2 41. Nd5 h6 42. Kc3 Bb1 43. Nb4 c5 44. Nxa6 Kc6 45. d5+ 1-0

[Event "Moscow op-A 14th"]
[Site "Moscow"]
[Date "2018.02.02"]
[Round "7"]
[White "Ageichenko, Genadi A"]
[Black "Yagupov, Igor"]
[Result "0-1"]
[WhiteElo "2238"]
[BlackElo "2394"]
[PlyCount "92"]
[EventDate "2018.01.27"]
[EventType "swiss"]
[EventRounds "9"]
[EventCountry "RUS"]
[SourceTitle "CBM 182 Extra"]
[Source "ChessBase"]
[SourceDate "2018.02.23"]
[SourceVersion "1"]
[SourceVersionDate "2018.02.23"]
[SourceQuality "1"]

1. c4 e6 2. Nf3 Nf6 3. g3 d5 4. b3 c5 5. Bg2 Nc6 6. Bb2 d4 7. 0-0 e5 8. d3 h6 9. e3 Bd6 10. exd4 exd4 11. Re1+ Be6 12. Bh3 0-0 13. Bxe6 fxe6 14. Nbd2 e5 15. Qe2 Rf7 16. Rf1 Qd7 17. Kg2 Raf8 18. Rae1 g5 19. Bc1 Nb4 20. a3 Na2 21. Bb2 Qc6 22. Kg1 Nc3 23. Bxc3 dxc3 24. Nb1 Nd7 25. Nxg5 hxg5 26. Nxc3 Qf3 27. Qd2 Qh5 28. Ne4 Be7 29. f3 Rxf3 30. Rxf3 Rxf3 31. Qe2 Qf7 32. Kg2 Rf5 33. Qg4 Nf8 34. h4 Ne6 35. Rh1 Kf8 36. hxg5 Nxg5 37. Rh6 Kg7 38. Qh4 Rf1 39. Qh5 Rb1 40. Qxf7+ Nxf7 41. Re6 Kf8 42. b4 cxb4 43. axb4 Rxb4 44. c5 Rb2+ 45. Kf3 Bxc5 46. g4 Be7 0-1

[Event "Moscow op-A 14th"]
[Site "Moscow"]
[Date "2018.01.28"]
[Round "2"]
[White "Vasilyev, Alexey1111"]
[Black "Ageichenko, Genadi A"]
[Result "0-1"]
[WhiteElo "1968"]
[BlackElo "2238"]
[PlyCount "118"]
[EventDate "2018.01.27"]
[EventType "swiss"]
[EventRounds "9"]
[EventCountry "RUS"]
[SourceTitle "CBM 182 Extra"]
[Source "ChessBase"]
[SourceDate "2018.02.23"]
[SourceVersion "1"]
[SourceVersionDate "2018.02.23"]
[SourceQuality "1"]

1. e4 c5 2. Nf3 Nc6 3. d4 cxd4 4. Nxd4 Nf6 5. Nc3 e5 6. Ndb5 d6 7. Bg5 a6 8. Na3 b5 9. Nd5 Be7 10. Bxf6 Bxf6 11. c4 Nd4 12. cxb5 Bg5 13. b6 0-0 14. Bd3 Bb7 15. Nc7 f5 16. Bc4+ Kh8 17. Bd5 Bxd5 18. exd5 Rb8 19. Nc4 Rxb6 20. Ne6 Nxe6 21. dxe6 Rc6 22. b3 d5 23. Nxe5 Rxe6 24. 0-0 Rxe5 25. f4 Bxf4 26. Rxf4 Re4 27. Qd2 Qd6 28. Raf1 Qe5 29. Qf2 g6 30. Qc5 Re8 31. R4f2 Kg8 32. Rd2 Rd8 33. Qb6 Rd6 34. Qb8+ Kg7 35. Qc7+ Kh6 36. Qc1 f4 37. Rdf2 Rf6 38. Rf3 Kg7 39. Kh1 g5 40. Qc8 Qe6 41. Qc3 d4 42. Qc5 Rf5 43. Qa7+ Rf7 44. Qc5 h6 45. g3 Qf5 46. Qd6 Qf6 47. Qd5 Qf5 48. Qd6 Rd7 49. Qxa6 Re3 50. Qc6 Rxf3 51. Qxf3 d3 52. Rd1 d2 53. a4 Rd3 54. Qb7+ Kg6 55. Qc6+ Kh5 56. Qe8+ Kg4 57. Qe2+ f3 58. Qf2 Qe4 59. Kg1 Qe2 0-1

[Event "Voronezh op-A 21st"]
[Site "Voronezh"]
[Date "2017.06.21"]
[Round "9"]
[White "Varshini, Veileven"]
[Black "Ageichenko, Genadi A"]
[Result "1-0"]
[WhiteElo "2050"]
[BlackElo "2279"]
[PlyCount "83"]
[EventDate "2017.06.12"]
[EventType "swiss"]
[EventRounds "9"]
[EventCountry "RUS"]
[SourceTitle "EXT 2018"]
[Source "ChessBase"]
[SourceDate "2017.10.13"]
[SourceVersion "1"]
[SourceVersionDate "2017.10.13"]
[SourceQuality "1"]

1. e4 c6 2. d4 d5 3. Nc3 dxe4 4. Nxe4 Bf5 5. Ng3 Bg6 6. Bc4 e6 7. N1e2 Bd6 8. h4 h5 9. Nf4 Bxf4 10. Bxf4 Nd7 11. c3 Ngf6 12. Bg5 Qc7 13. 0-0 Nh7 14. Bd2 0-0-0 15. b4 Nhf6 16. Qf3 Ng4 17. b5 Nde5 18. Qe2 Nxc4 19. Qxc4 Rd5 20. bxc6 Qxc6 21. Qe2 Qc7 22. Rfd1 Rhd8 23. Bg5 R8d7 24. Nf1 Ra5 25. c4 Ra4 26. Rac1 Qa5 27. Rd2 Qa6 28. f3 Nf6 29. Bf4 Ne8 30. d5 Nc7 31. Ne3 Qa5 32. Be5 f6 33. Bc3 Qa6 34. Qd1 Qb6 35. Bd4 Qa6 36. Qb3 Kd8 37. Bc5 Ke8 38. d6 Qa5 39. dxc7 Qxc5 40. Rxd7 Kxd7 41. Qxa4+ Kxc7 42. Qb3 1-0

[Event "Moscow-ch"]
[Site "Moscow"]
[Date "2017.04.09"]
[Round "9"]
[White "Ageichenko, Genadi A"]
[Black "Kovalev, Egor"]
[Result "1-0"]
[WhiteElo "2264"]
[BlackElo "2291"]
[PlyCount "79"]
[EventDate "2017.04.01"]
[EventType "swiss"]
[EventRounds "9"]
[EventCountry "RUS"]
[SourceTitle "CBM 177 Extra"]
[Source "ChessBase"]
[SourceDate "2017.04.27"]
[SourceVersion "1"]
[SourceVersionDate "2017.04.27"]
[SourceQuality "1"]

1. e4 b6 2. d4 Bb7 3. Nc3 e6 4. a3 Nf6 5. Bd3 Be7 6. Nf3 d5 7. Qe2 c5 8. exd5 exd5 9. Bg5 0-0 10. 0-0-0 c4 11. Rhe1 Re8 12. Bxh7+ Nxh7 13. Bxe7 Qd7 14. Qe5 Nc6 15. Qxd5 Rxe7 16. Rxe7 Qxe7 17. Re1 Qf6 18. Qd7 Na5 19. d5 Qd8 20. Qf5 Qd6 21. g4 Qf6 22. Qe4 Ng5 23. Nxg5 Qxg5+ 24. Kb1 Rd8 25. h4 Qg6 26. Qd4 Qf6 27. Qe4 Qxf2 28. g5 Qc5 29. g6 Rf8 30. h5 Qd6 31. Rg1 f5 32. Qh4 Qd8 33. Qf4 Qb8 34. d6 Rf6 35. Rd1 Be4 36. h6 Rxg6 37. hxg7 Rxg7 38. Nxe4 fxe4 39. Qxe4 Nb7 40. Qe6+ 1-0

[Event "Moscow-ch"]
[Site "Moscow"]
[Date "2017.04.01"]
[Round "1"]
[White "Ageichenko, Genadi A"]
[Black "Zakhartsov, Vladimir"]
[Result "1/2-1/2"]
[WhiteElo "2264"]
[BlackElo "2470"]
[PlyCount "58"]
[EventDate "2017.04.01"]
[EventType "swiss"]
[EventRounds "9"]
[EventCountry "RUS"]
[SourceTitle "CBM 177 Extra"]
[Source "ChessBase"]
[SourceDate "2017.04.27"]
[SourceVersion "1"]
[SourceVersionDate "2017.04.27"]
[SourceQuality "1"]

1. d4 Nf6 2. c4 e6 3. Nf3 b6 4. g3 Ba6 5. Qa4 Bb7 6. Bg2 c5 7. dxc5 bxc5 8. 0-0 Be7 9. Nc3 0-0 10. Rd1 Qb6 11. Qb5 Qc7 12. Qb3 a6 13. Bg5 d6 14. Qc2 Nbd7 15. Ne1 Rab8 16. Rd2 h6 17. Bxf6 Nxf6 18. Rad1 Bxg2 19. Nxg2 Qc6 20. Nf4 Rfd8 21. b3 g6 22. Nxg6 fxg6 23. Qxg6+ Kf8 24. Rd3 Qe8 25. Qxh6+ Kf7 26. Ne4 Nxe4 27. Qh7+ Kf8 28. Qh8+ Kf7 29. Qh7+ Kf8 1/2-1/2

[Event "Chigorin Memorial 24th"]
[Site "St Petersburg"]
[Date "2016.10.15"]
[Round "1"]
[White "Ageichenko, Genadi A"]
[Black "Yurasova, Daria"]
[Result "1-0"]
[WhiteElo "2261"]
[BlackElo "1757"]
[PlyCount "91"]
[EventDate "2016.10.15"]
[EventType "swiss"]
[EventRounds "9"]
[EventCountry "RUS"]
[SourceTitle "CBM 175 Extra"]
[Source "ChessBase"]
[SourceDate "2016.12.12"]
[SourceVersion "1"]
[SourceVersionDate "2016.12.12"]
[SourceQuality "1"]

1. e4 e5 2. Nf3 Nc6 3. Bb5 a6 4. Ba4 Nf6 5. d3 b5 6. Bb3 Bc5 7. 0-0 0-0 8. Bg5 h6 9. Bh4 Re8 10. a4 Bb7 11. c3 Bb6 12. Na3 b4 13. Nc4 bxc3 14. bxc3 d6 15. a5 Ba7 16. Ba4 Re6 17. Rb1 Qc8 18. Bb3 Nd7 19. Ba2 Re8 20. Re1 Ne7 21. Bxe7 Rxe7 22. Nh4 g6 23. Nxg6 Re8 24. Nh4 Bc6 25. Qf3 Re6 26. Ne3 Rf6 27. Nhf5 Qf8 28. Bd5 Nb8 29. Ng4 Rg6 30. Nfxh6+ Kh7 31. Nf5 Bxd5 32. exd5 Rg5 33. Qh3+ Kg6 34. Nh4+ Kg7 35. Rb4 f5 36. Ne3 f4 37. Nef5+ Kf6 38. Rb7 Qc8 39. Reb1 Bb6 40. R1xb6 cxb6 41. Rf7+ Kxf7 42. Nxd6+ Ke7 43. Nxc8+ Kd8 44. Nxb6 Ra7 45. Qc8+ Ke7 46. Qxb8 1-0

[Event "Moscow-ch rapid"]
[Site "Moscow"]
[Date "2016.09.17"]
[Round "2"]
[White "Kovalev, Egor"]
[Black "Ageichenko, Genadi A"]
[Result "1/2-1/2"]
[WhiteElo "2339"]
[BlackElo "2261"]
[PlyCount "105"]
[EventDate "2016.09.17"]
[EventType "swiss (rapid)"]
[EventRounds "9"]
[EventCountry "RUS"]
[SourceTitle "CBM 174 Extra"]
[Source "ChessBase"]
[SourceDate "2016.10.10"]
[SourceVersion "1"]
[SourceVersionDate "2016.10.10"]
[SourceQuality "1"]

1. e4 e5 2. Nf3 Nc6 3. Bb5 a6 4. Ba4 Nf6 5. 0-0 Be7 6. d4 exd4 7. Re1 0-0 8. e5 Ne8 9. Bb3 d5 10. Nxd4 Nxd4 11. Qxd4 Be6 12. c3 c5 13. Qf4 Nc7 14. Nd2 Bg5 15. Qg3 Bh4 16. Qf4 Bg5 17. Qg3 Bh4 18. Qe3 d4 19. cxd4 cxd4 20. Qd3 Bxb3 21. Nxb3 Ne6 22. Bd2 Rc8 23. Bb4 Be7 24. Bxe7 Qxe7 25. Rad1 Rfd8 26. Qe4 Qb4 27. f4 Nc5 28. Nxc5 Qxc5 29. Rd2 Qa5 30. Red1 Qxa2 31. Rxd4 Rxd4 32. Qxd4 g6 33. Qb6 Qa4 34. Rd8+ Rxd8 35. Qxd8+ Kg7 36. Qf6+ Kf8 37. Qd8+ Qe8 38. Qd5 Qc8 39. Qd4 Qc6 40. h3 h5 41. Kh2 b6 42. Kg3 a5 43. Qd8+ Kg7 44. Qd4 Qe6 45. Kf2 h4 46. Kf3 Qc6+ 47. Kg4 Qxg2+ 48. Kxh4 Kh6 49. Qxb6 a4 50. Qf6 Qf2+ 51. Kg4 Qe2+ 52. Kg3 Qe3+ 53. Kg4 1/2-1/2

[Event "Chigorin Memorial 23rd"]
[Site "St Petersburg"]
[Date "2015.10.06"]
[Round "4"]
[White "Ageichenko, Genadi A"]
[Black "Andersen, Mads"]
[Result "0-1"]
[WhiteElo "2257"]
[BlackElo "2457"]
[PlyCount "76"]
[EventDate "2015.10.03"]
[EventType "swiss"]
[EventRounds "9"]
[EventCountry "RUS"]
[SourceTitle "CBM 168 Extra"]
[Source "ChessBase"]
[SourceDate "2015.10.29"]
[SourceVersion "1"]
[SourceVersionDate "2015.10.29"]
[SourceQuality "1"]

1. d4 Nf6 2. Bf4 g6 3. Nf3 Bg7 4. Nbd2 d5 5. e3 0-0 6. Bd3 c5 7. c3 Nc6 8. h3 Nd7 9. 0-0 e5 10. dxe5 Ndxe5 11. Be2 Be6 12. Nxe5 Nxe5 13. Nf3 Nc6 14. Qa4 Qe7 15. Bb5 Bd7 16. Qa3 a6 17. Bxc6 Bxc6 18. Rad1 Rfe8 19. Rfe1 a5 20. Qb3 a4 21. Qc2 a3 22. b3 Qf6 23. Rc1 h6 24. Qd2 b6 25. Nh2 g5 26. Bc7 Bb7 27. f3 Rac8 28. Bg3 Rcd8 29. Nf1 Qe6 30. Qf2 Rd7 31. Nh2 Rde7 32. h4 Qg6 33. hxg5 hxg5 34. Qd2 f5 35. Bf2 Be5 36. f4 gxf4 37. exf4 d4 38. g4 Qc6 0-1

[Event "Chigorin Memorial 23rd"]
[Site "St Petersburg"]
[Date "2015.10.05"]
[Round "3"]
[White "Lauda, Alexandr"]
[Black "Ageichenko, Genadi A"]
[Result "0-1"]
[WhiteElo "2033"]
[BlackElo "2257"]
[PlyCount "66"]
[EventDate "2015.10.03"]
[EventType "swiss"]
[EventRounds "9"]
[EventCountry "RUS"]
[SourceTitle "CBM 168 Extra"]
[Source "ChessBase"]
[SourceDate "2015.10.29"]
[SourceVersion "1"]
[SourceVersionDate "2015.10.29"]
[SourceQuality "1"]

1. d4 Nf6 2. Nf3 g6 3. c4 Bg7 4. g3 0-0 5. Bg2 d6 6. Nc3 Nc6 7. 0-0 a6 8. d5 Na5 9. Qd3 c5 10. e4 Rb8 11. Rb1 Bd7 12. b4 cxb4 13. Rxb4 Bg4 14. Be3 Bxf3 15. Bb6 Bxg2 16. Kxg2 Qc8 17. Bxa5 Nd7 18. Na4 b5 19. cxb5 Ne5 20. Qb1 axb5 21. Rxb5 Rxb5 22. Qxb5 Qc2 23. Nc3 Rc8 24. Qb3 Qd3 25. f3 Nc4 26. Qb7 Ne3+ 27. Kf2 Qxf1+ 28. Kxe3 Qc1+ 29. Kf2 Rxc3 30. Bxc3 Qc2+ 31. Kg1 Bxc3 32. Qxe7 Bd4+ 33. Kh1 Qf2 0-1

[Event "Pardubice op rap 26th"]
[Site "Pardubice"]
[Date "2015.07.22"]
[Round "3"]
[White "Ageichenko, Genadi A"]
[Black "Gutman, Gennadi"]
[Result "0-1"]
[WhiteElo "2265"]
[BlackElo "2468"]
[PlyCount "126"]
[EventDate "2015.07.22"]
[EventType "swiss (rapid)"]
[EventRounds "9"]
[EventCountry "CZE"]
[SourceTitle "CBM 167 Extra"]
[Source "ChessBase"]
[SourceDate "2015.09.14"]
[SourceVersion "1"]
[SourceVersionDate "2015.09.14"]
[SourceQuality "1"]

1. e4 c5 2. Nf3 Nc6 3. d4 cxd4 4. Nxd4 Nf6 5. Nc3 d6 6. Bg5 e6 7. Qd2 h6 8. Bh4 Nxe4 9. Qf4 Ng5 10. 0-0-0 Be7 11. Ndb5 0-0 12. Nxd6 e5 13. Qd2 Be6 14. Bg3 Qb8 15. Nc4 Bb4 16. Qe3 Bxc3 17. Qxc3 Ne4 18. Qe3 f5 19. f4 Nxg3 20. hxg3 e4 21. g4 fxg4 22. g3 Qc7 23. Qxe4 Bf5 24. Qd5+ Kh8 25. Qd6 Qf7 26. Qc5 Rad8 27. Bg2 Qf6 28. Nd6 Ne7 29. Rhe1 b6 30. Qe5 Rd7 31. Qxf6 Rxf6 32. Ne8 Re6 33. Rxe6 Rxd1+ 34. Kxd1 Bxe6 35. Nd6 g6 36. Be4 Kg7 37. a4 Kf6 38. Ke2 Bd7 39. b3 Ke6 40. Nc4 h5 41. Ke3 Bc6 42. Bxc6 Nxc6 43. c3 Ne7 44. Ne5 g5 45. Nd3 Nd5+ 46. Kd4 gxf4 47. c4 fxg3 48. cxd5+ Kf5 49. Ne1 h4 50. Ng2 h3 51. Ne3+ Kf4 52. d6 g2 53. d7 g1Q 54. d8Q Qxe3+ 55. Kc4 Qc5+ 56. Kd3 a5 57. Qh4 Qd6+ 58. Ke2 Qe6+ 59. Kf1 Qf5 60. Kg1 Qb1+ 61. Kf2 Qb2+ 62. Ke1 Kf3 63. Qe7 Qd4 0-1

[Event "Voronezh op-A 19th"]
[Site "Voronezh"]
[Date "2015.06.20"]
[Round "9"]
[White "Nozdrachev, Leonid"]
[Black "Ageichenko, Genadi A"]
[Result "1-0"]
[WhiteElo "2407"]
[BlackElo "2265"]
[PlyCount "91"]
[EventDate "2015.06.12"]
[EventType "swiss"]
[EventRounds "9"]
[EventCountry "RUS"]
[SourceTitle "CBM 167 Extra"]
[Source "ChessBase"]
[SourceDate "2015.09.14"]
[SourceVersion "1"]
[SourceVersionDate "2015.09.14"]
[SourceQuality "1"]

1. e4 e5 2. Nf3 Nc6 3. Bb5 Nf6 4. d3 d6 5. c3 g6 6. 0-0 Bg7 7. d4 Bd7 8. d5 Nb8 9. Bxd7+ Nbxd7 10. Qc2 0-0 11. c4 h6 12. Nc3 Nh5 13. Qd1 a6 14. Be3 Qe8 15. b4 f5 16. c5 Ndf6 17. Rc1 Qf7 18. Qb3 Nxe4 19. Nxe4 fxe4 20. Nd2 Nf6 21. cxd6 cxd6 22. Nc4 Rad8 23. Nb6 Ng4 24. Rc4 h5 25. h3 Nxe3 26. Qxe3 Kh7 27. Qxe4 Bh6 28. Qc2 Rde8 29. Re1 Re7 30. Ree4 Qf6 31. a4 Ref7 32. Re2 Bg5 33. Qe4 Qd8 34. a5 Rf4 35. Qd3 Rxc4 36. Qxc4 Rf4 37. Qc3 Rd4 38. g3 h4 39. Kg2 Kh6 40. Qe1 Qf6 41. Re4 Rd3 42. Qe2 hxg3 43. f4 Rb3 44. Qc2 Qf5 45. fxg5+ Kg7 46. Qc7+ 1-0